000 00672nam a2200217Ia 4500
003 OSt
005 20260413143658.0
008 220923b |||||||| |||| 00| 0 eng d
020 _a9789380156743
037 _cGeneral Book
040 _aRTL
_cRTL
_beng
041 _2eng
_aeng
084 _aXM5:(Z2), Q0/TD
_qRTL
100 _aSharma, J.P.
245 0 _aEasy approach to company and compensation laws.
260 _a New Delhi
_bAne Books
_c2010
300 _axx, 436p.
_binculed biblograpical refrence an index
650 _aCommerce
942 _hXM5:(Z2), Q0/TD
_cTB
_2CC
999 _c594172
_d594172